000 00806cam a2200277 4500
001 26044
003 BD-RjUL
005 20211209050949.0
008 140320s1970 enkabf b 001 0 eng
020 _a0500120218
035 _a(BD-RjUL)26114
040 _aDLC
_cDLC
_dDLC
_dBD-RjUL
_beng
041 _aeng
082 0 0 _a914.5039
_bJUI 1970
100 1 _aJucker, Ninetta S.
_d1913-
_980015
245 1 0 _aItaly /
_cNinetta Jucker.
260 _aLondon :
_bThames & Hudson,
_cc1970.
300 _a208 p. of plates :
_billus., 2 maps ;
_c22 cm.
350 _a35/-
490 0 _aNew nations and peoples library
504 _aIncludes bibliographical references (p. 182) and index.
651 0 _aItaly
_xHistory
_y20th century.
_980016
942 _2ddc
_cBK
999 _c26044
_d26044